000 00941nas a2200277 4500
001 BR2014004722
003 BR-BrBNA
005 20231205124313.0
007 ta
008 230509b bl.|||p| |||| 00| 00por d
040 _aBR-BrBNA
_bpor
_cBiblioteca Nacional de Agricultura
041 _a(Pt)
072 _aU10; P32
100 1 _aRibeiro, A.I.
100 1 _aLongo, R.M.
100 1 _aTeixeira Filho, A.
100 1 _aMelo, W.J. de
245 1 _aDiagnóstico de uma área compactada por atividade minerária, na floresta amazônica, empregando métodos geoestatísticos à variável resistência mecânica à penetração do solo
650 _aMINERAÇÃO
650 _aCOMPACTAÇÃO DO SOLO
650 _aDIAGNÓSTICO
650 _aMÉTODO ESTATÍSTICO
773 0 _tActa Amazônica (Brazil)
_xISSN 0044-5967
_g(Mar 2006), v.36(1) p. 83-90
_wBR2014004722
909 _a202311
_bLúcia
_c55
_dLúcia Elande
942 _2AGRIS
_n0
_cANA
999 _c238371
_d238371